000 00285nam a22001337a 4500
008 170202b xxu||||| |||| 00| 0 eng d
020 _a9781932328356
041 _aeng
080 _a61
100 _a3
101 _aSHM
245 _aWOMENS HEALTH CARE
_cHILL ADAM.J
942 _2udc
_cBK
999 _c4369
_d4369